000 01650cam a22003374i 4500
003 PE-LiUPU
005 20250922163224.0
008 2004xxxxes pe a rb 000 0 spa d
020 _a8493302112
020 _a9788493302115
035 _aPE-LiUPU000010
040 _aPE-LiUPU
_bspa
_cPE-LiUPU
_erda
082 0 4 _a690
_bB516f
_223
100 _aBermejo Polo, Juan,
_eautor.
_96881
245 1 0 _aFormulario práctico de la construcción /
_cpor Juan Bermejo Polo.
250 _aSexta edición.
264 1 _aMadrid :
_bCIE Inversiones Editoriales Dossat 2000,
_c2004.
300 _a267 páginas :
_bilustraciones, tablas ;
_c24 cm
336 _atext
_2rdacontent
337 _aunmediated
_2rdamedia
338 _avolume
_2rdacarrier
504 _aIncluye tablas y fórmulas técnicas.
505 0 _aIntroducción --Signos matemáticos -- Trazado geométrico -- Figuras planas -- Cuerpos sólidos -- Terrenos-- Levantamiento de planos -- Movimiento de tierras -- Morteros -- Hormigones -- Cimientos -- Paredes -- Muros de contención y sostenimiento -- Ladrillos -- Cargas en edificios -- Perfiles laminados -- Maderas -- Cubiertas -- Instalaciones.
650 1 0 _aConstrucción
_xManuales técnicos.
_96882
650 1 0 _aIngeniería civil
_xFórmulas y tablas.
_96883
710 _aCIE Dossat 2000,
_eeditor.
_96884
856 4 0 _uhttps://www.ciedossat.com/libros/formulario-practico-de-la-construccion_bermejo
_zInformación editorial (si disponible).
942 _2ddc
_cBK
980 _621515
_aROMINA COBOS Adquisiciones
_818226
_gJaime Vilcazán Jefe de Análisis Documental
999 _c63052
_d63051